000 00869nam a2200265Ia 4500
003 OSt
005 20220923211557.0
006 a|||||r|||| 00| 0
007 ta
008 Pun
020 _a9789385670992 (pbk)
_c150
024 _a324,072
037 _b1007, 15/01/2018, H.K. Prakashan
_cTextual
040 _aARTS
_cARTS
_bPun
041 _2Pun
_aPun
082 _aO42,1NLAx, 153Q7
100 _aਲਾਨੋਅ, ਡੇਵਿਡ ਜੀ., ਂਚ.
_9160833
245 0 _aਦੂਰ ਦਾ ਪਰਬਤ
260 _aਪਟਿਆਲਾ
_b ਗੇFਿਅਸ
_c2017
300 _a107ਪੰ
_ccm.
650 _a ਜੈਪਨੀਸ ਕਾਵਿ
650 _aਜੈਪਨੀਸ ਸਾਹਿਤ
942 _hO42,1NLAx, 153Q7
_cTEXL
_2CC
999 _c300936
_d300936